000 00879nam0a22002651 4500
001 rc\4567290
005 20250612121124.0
021 _aRU
_b[62-2456]
035 _a(NLR Aleph) 008649502
090 _a8993026
_c8993026
100 _a20130416d1961 |||y0rusy50 ca
101 0 _arus
102 _aRU
105 _ay z |||c|
200 1 _aГорячий цех
_eОчерк [о металлург. заводе "Сибэлектросталь"]
210 _aКрасноярск
_cКн. изд-во
_d1961
215 _a51 с.
_d20
225 1 _aГерои наших дней
606 _aМеталлургические заводы
_yКрасноярск
_jОчерки
_2psbo
700 1 _aМамин
_bН.И.
_f1906-1968
_gНиколай Иванович
801 0 _aRU
_bNLR
_gpsbo
801 1 _aRU
_bELAR
_2rusmarc
852 _aNLR
_j62-4/2169
942 _cBOOK
980 _aNB